000 00554nam a2200193 a 4500
005 20260322212054.0
008 data
010 _a62-20591 rev
096 _aWM 35 Sh22o 1963
100 1 _aShapiro, David Sidney,
_d1923-
245 1 0 _aOpening doors for troubled people/
_cDavid Sidney Shapiro & Leonard T. Maholick.
260 _aSpringfield, Ill
_bThomas
_cp1963
300 _a121 p.
650 4 _aColumbus, Ga. Bradley Center.
650 0 2 _aMental Health Services
650 0 2 _aSocial Work, Psychiatric
700 1 _aMaholick, Leonard T.
001 data
999 _c1282
_d1282